Tribhuvan University Central Library

Noun phrase structures in Maithili and English: (Record no. 67029)

MARC details
000 -LEADER
fixed length control field 00385 a2200133 4500
041 ## - LANGUAGE CODE
Language code of text/sound track or separate title Eng
082 ## - DEWEY DECIMAL CLASSIFICATION NUMBER
Classification number CD9026
100 ## - MAIN ENTRY--PERSONAL NAME
Personal name Yadav, Ram Kumari
245 ## - TITLE STATEMENT
Title Noun phrase structures in Maithili and English:
Remainder of title A comparative study.
260 ## - PUBLICATION, DISTRIBUTION, ETC. (IMPRINT)
Place of publication, distribution, etc Kathmandu,
Date of publication, distribution, etc 2012
650 ## - SUBJECT ADDED ENTRY--TOPICAL TERM
Topical term or geographic name as entry element Comparative study
-- Grammar
-- Noun phrase
-- Linguistic research
653 ## - INDEX TERM--UNCONTROLLED
Uncontrolled term English language
942 ## - ADDED ENTRY ELEMENTS (KOHA)
Source of classification or shelving scheme Dewey Decimal Classification
Koha item type Audio Visual Materials
Holdings
Withdrawn status Lost status Source of classification or shelving scheme Damaged status Not for loan Home library Current library Date acquired Total Checkouts Full call number Barcode Date last seen Price effective from Koha item type
    Dewey Decimal Classification     Tribhuvan University Central Library Tribhuvan University Central Library 07/05/2013   CD9026 A8974 07/05/2013 07/05/2013 Audio Visual Materials